| 000 | 00468nam a22001337a 4500 | ||
|---|---|---|---|
| 999 |
_c64816 _d64813 |
||
| 082 |
_aR/IMS-19 _a16-MCEM-14 _bSupervisor - Dr. Aftab Hameed Memon |
||
| 100 | _aMahwish | ||
| 245 | _aAchieving Value for Money In Infrastructure Public Private partnership (PPPs) In Developing Countries | ||
| 260 |
_aNawabshah _bQUEST _c2019 |
||
| 300 | _a64p | ||
| 700 | _aDepartment of Civil Engineering Faculty of engineering | ||
| 856 | _uhttp://tinyurl.com/3jf5dejj | ||
| 942 | _cTHESIS | ||